आलोचना और संस्कृति: दीवान - ए - आम स्तंभ में प्रकाशित (Record no. 117607)

MARC details
000 -LEADER
fixed length control field 00981nam a2200265Ia 4500
003 - CONTROL NUMBER IDENTIFIER
control field OSt
005 - DATE AND TIME OF LATEST TRANSACTION
control field 20220918111952.0
008 - FIXED-LENGTH DATA ELEMENTS--GENERAL INFORMATION
fixed length control field 220915b |||||||| |||| 00| 0 hin d
020 ## - INTERNATIONAL STANDARD BOOK NUMBER
International Standard Book Number 8181436253 (hbk)
037 ## - SOURCE OF ACQUISITION
Terms of availability Textbook
040 ## - CATALOGING SOURCE
Language of cataloging hin
Original cataloging agency ARTS
Transcribing agency ARTS
041 ## - LANGUAGE CODE
Language code of text/sound track or separate title hin
100 ## - MAIN ENTRY--PERSONAL NAME
Personal name तिवारी, अजय
245 #0 - TITLE STATEMENT
Title आलोचना और संस्कृति: दीवान - ए - आम स्तंभ में प्रकाशित
246 ## - VARYING FORM OF TITLE
Title proper/short title Ālochanā aur sanskṛuti: dīvān - e - ām stanbha mean prakāshita
260 ## - PUBLICATION, DISTRIBUTION, ETC.
Place of publication, distribution, etc. नयी
Name of publisher, distributor, etc. दिल्ली वाणी प्रकाशन भारत
Date of publication, distribution, etc. 2007
300 ## - PHYSICAL DESCRIPTION
Extent 281पृ0
Dimensions cm.
942 ## - ADDED ENTRY ELEMENTS (KOHA)
Classification part O152,6N55x, P7
Koha item type Textbook
Source of classification or shelving scheme Colon Classification (CC)

No items available.

Copyright @ Delhi University Library System